Razón necesaria
Wedi'i Gadw mewn:
| Prif Awdur: | |
|---|---|
| Fformat: | Llyfr |
| Iaith: | Undetermined |
| Cyhoeddwyd: |
San José, Costa Rica
Ediciones Promesa
1996
|
| Pynciau: | |
| Tagiau: |
Ychwanegu Tag
Dim Tagiau, Byddwch y cyntaf i dagio'r cofnod hwn!
|
MARC
| LEADER | 00000nam a2200000Ia 4500 | ||
|---|---|---|---|
| 008 | 170316s9999 xx 000 0 und d | ||
| 040 | |a cru BVZT | ||
| 090 | |a 860 G-25r | ||
| 100 | |a González Villanueva, Gustavo | ||
| 245 | |a Razón necesaria | ||
| 260 | |a San José, Costa Rica | ||
| 260 | |b Ediciones Promesa | ||
| 260 | |c 1996 | ||
| 300 | |a 34 páginas | ||
| 650 | |a LITERATURA LATINOAMERICANA | ||
| 650 | |a POESÍA GUATEMALTECA | ||
| 999 | |c 8748 |d 8748 | ||
| 942 | |c 15 D |h 860 G-25r |2 z | ||
